International guidelines for estimating the costs of substance abuse (Registro nro. 1487)
[ vista simple ]
| 000 -LEADER | |
|---|---|
| fixed length control field | 00878nam a2200301 a 4500 |
| 003 - CONTROL NUMBER IDENTIFIER | |
| control field | OSt |
| 005 - FECHA ULTIMA MODIFICACION | |
| control field | 20190627105339.0 |
| 008 - FIXED-LENGTH DATA ELEMENTS--GENERAL INFORMATION | |
| fixed length control field | 130611s2003 sz ||||| |||| 00| 0 eng d |
| 020 ## - INTERNATIONAL STANDARD BOOK NUMBER | |
| International Standard Book Number | 92 4 154582 8 |
| 040 ## - CATALOGING SOURCE | |
| Transcribing agency | Biblioteca Medicina |
| 041 ## - LANGUAGE CODE | |
| Language code of text/sound track or separate title | spa |
| 082 ## - DEWEY DECIMAL CLASSIFICATION NUMBER | |
| Classification number | OMS HV 4998 |
| 100 1# - MAIN ENTRY--PERSONAL NAME | |
| Personal name | Single, Eric |
| 9 (RLIN) | 2409 |
| 245 00 - TITLE STATEMENT | |
| Title | International guidelines for estimating the costs of substance abuse |
| 250 ## - EDITION STATEMENT | |
| Edition statement | 2° ed. |
| 260 ## - PUBLICATION, DISTRIBUTION, ETC. (IMPRINT) | |
| Place of publication, distribution, etc | Ginebra |
| Name of publisher, distributor, etc | Organizacion Mundial de la Salud |
| Date of publication, distribution, etc | 2003 |
| 300 ## - PHYSICAL DESCRIPTION | |
| Extent | 81 p. |
| 500 ## - GENERAL NOTE | |
| General note | Baja Depósito Caja 33 Junio 2019 |
| 653 ## - INDEX TERM--UNCONTROLLED | |
| Uncontrolled term | ABUSO DE SUSTANCIAS-ECONOMIA |
| 653 ## - INDEX TERM--UNCONTROLLED | |
| Uncontrolled term | ABUSO DE SUSTANCIAS-GUIA |
| 700 10 - ADDED ENTRY--PERSONAL NAME | |
| Personal name | Collins, David |
| 9 (RLIN) | 2410 |
| 700 10 - ADDED ENTRY--PERSONAL NAME | |
| Personal name | Easton, Braian |
| 9 (RLIN) | 2411 |
| 700 10 - ADDED ENTRY--PERSONAL NAME | |
| Personal name | Harwood, Henrick |
| 9 (RLIN) | 2412 |
| 700 10 - ADDED ENTRY--PERSONAL NAME | |
| Personal name | Lapsley, Helen |
| 9 (RLIN) | 2413 |
| 700 10 - ADDED ENTRY--PERSONAL NAME | |
| Personal name | Kopp, Pierre |
| 9 (RLIN) | 2414 |
| 700 10 - ADDED ENTRY--PERSONAL NAME | |
| Personal name | Wilson, Ernesto |
| 9 (RLIN) | 2415 |
| 942 ## - ADDED ENTRY ELEMENTS (KOHA) | |
| Source of classification or shelving scheme | Dewey Decimal Classification |
| Koha item type | Hemeroteca |
| Withdrawn status | Lost status | Fuente de clasificación | Damaged status | Use restrictions | Not for loan | Colección | Ubicación permanente | Ubicación actual | Sala de ubicación | Fecha de adquisición | Total Checkouts | Número de clasificación | Código de barras | Date last seen | Número de ejemplar | Price effective from | Koha tipo de elemento (item) |
|---|---|---|---|---|---|---|---|---|---|---|---|---|---|---|---|---|---|
| Dewey Decimal Classification | Restricted Access | Not For Loan | Non-fiction | Biblioteca Medicina | Biblioteca Medicina | Circulación | 11/06/2013 | OMS HV 4998 | H0016 | 06/11/2014 | Ej. 1 | 11/06/2013 | Hemeroteca |